书目信息 |
| 题名: |
美式家居·室内装饰细节读本
|
|
| 作者: | Hayday, 著 ;杨瑞丹 编译 ;美家生活 编译 | |
| 分册: | ||
| 出版信息: | 北京 中国轻工业出版社 2006.04 |
|
| 页数: | 144页 | |
| 开本: | 28cm | |
| 丛书名: | 美家生活丛书 | |
| 单 册: | ||
| 中图分类: | TU241-64 | |
| 科图分类: | ||
| 主题词: | 住宅--zhu zhai--室内装饰--建筑设计--美国--图集 | |
| 电子资源: | ||
| ISBN: | 7-5019-5239-6 | |
| 000 | 01108nam 2200265 450 | |
| 001 | 012006894000 | |
| 005 | 20060530094555.78 | |
| 010 | @a7-5019-5239-6@dCNY48.00 | |
| 100 | @a20060502d2006 km y0chiy0120 ea | |
| 101 | 1 | @achi@ceng |
| 102 | @aCN@b110000 | |
| 105 | @aa z 000yy | |
| 200 | 1 | @a美式家居·室内装饰细节读本@Amei shi jia ju·shi nei zhuang shi xi jie du ben@f(美) Andria Hayday著@F(mei)Andria Hayday zhu@g美家生活, 杨瑞丹编译@Gmei jia sheng huo,yang rui dan bian yi |
| 210 | @a北京@c中国轻工业出版社@d2006.04 | |
| 215 | @a144页@c图@d28cm | |
| 225 | 2 | @a美家生活丛书@Amei jia sheng huo cong shu |
| 330 | @a本书将经典的美式家居设计风格、装饰细节、搭配要素等以图文并茂的形式介绍给中国读者。全书内容以装饰风格特点为主,讲解了家居风格的营造,并以功能空间划分诠释风格居家的细节。 | |
| 410 | 0 | @12001 @a美家生活丛书 |
| 606 | 0 | @a住宅@Azhu zhai@x室内装饰@x建筑设计@y美国@j图集 |
| 690 | @aTU241-64@v4 | |
| 701 | A1 | @aHayday,@bAndria@4著 |
| 702 | 0 | @a杨瑞丹@Ayang rui dan@4编译 |
| 712 | 02 | @a美家生活@Amei jia sheng huo@4编译 |
| 801 | 0 | @aCN@bQSSK@c20060530 |
| 905 | @a10447@dTU241-64@eM543 | |
| 美式家居·室内装饰细节读本/(美) Andria Hayday著/美家生活, 杨瑞丹编译.-北京:中国轻工业出版社,2006.04 |
| 144页:图;28cm.-(美家生活丛书) |
| ISBN 7-5019-5239-6:CNY48.00 |
| 本书将经典的美式家居设计风格、装饰细节、搭配要素等以图文并茂的形式介绍给中国读者。全书内容以装饰风格特点为主,讲解了家居风格的营造,并以功能空间划分诠释风格居家的细节。 |
| ● |
| 相关链接 |
|
|
|
正题名:美式家居·室内装饰细节读本
索取号:TU241-64/M543
 
预约/预借
| 序号 | 登录号 | 条形码 | 馆藏地/架位号 | 状态 | 备注 |
| 1 | 559577 | 205595774 | 建筑库101/101建筑库 61排5列1层/ [索取号:TU241-64/M543] | 在馆 | |
| 2 | 559578 | 205595783 | 建筑库101/101建筑库 61排5列1层/ [索取号:TU241-64/M543] | 在馆 | |
| 3 | 559579 | 205595792 | 建筑与城市规划学院资料室/101建筑库 33排2列3层/ [索取号:TU241-64/M543] | 在馆 | |
| 4 | 604110 | 206041102 | 建筑与城市规划学院资料室/101建筑库 33排2列3层/ [索取号:TU241-64/M543] | 在馆 | |
| 5 | 604111 | 206041111 | 自科二线404/404自科库 20排2列3层/ [索取号:TU241-64/M543] | 在馆 | |
| 6 | 604112 | 206041120 | 自科二线404/404自科库 20排2列3层/ [索取号:TU241-64/M543] | 在馆 |